[Event "GER-chT U10"]
[Site "Magdeburg"]
[Date "2013.12.27"]
[Round "2.3"]
[White "Cheng, Dino Liwen"]
[Black "Meyers, Jakob"]
[Result "0-1"]
[WhiteElo "600"]
[BlackElo "760"]
[PlyCount "64"]
[EventDate "2013.12.27"]
[EventType "team-swiss"]
[EventRounds "5"]
[EventCountry "GER"]
[SourceTitle "EXT 2015"]
[Source "ChessBase"]
[SourceDate "2014.11.20"]
[SourceVersion "1"]
[SourceVersionDate "2014.11.20"]
[SourceQuality "1"]
[WhiteTeam "Muenchen Suedost"]
[BlackTeam "Erfurt Empor II"]
[WhiteTeamCountry "GER"]
[BlackTeamCountry "GER"]

1. e4 e5 2. Nf3 Nc6 3. Bc4 Bc5 4. c3 Nf6 5. d3 d6 6. Nbd2 Be6 7. Nf1 Qd7 8. Ng3 0-0-0 9. Bxe6 fxe6 10. 0-0 d5 11. b4 Bb6 12. Qe2 dxe4 13. Nxe4 Qxd3 14. Qxd3 Rxd3 15. Nc5 Bxc5 16. bxc5 Rxc3 17. Be3 h6 18. Rab1 e4 19. Bd2 Rxc5 20. Nh4 g5 21. Ng6 Rg8 22. Be3 Rc2 23. Bxa7 Nxa7 24. Ne7+ Kd7 25. Nxg8 Nxg8 26. Rfd1+ Ke7 27. Rxb7 Rxa2 28. Rxc7+ Kf6 29. h3 Nb5 30. Rb7 Nc3 31. Rc1 Ne2+ 32. Kf1 Nxc1 0-1